00265nam a2200109 a 4500008004100000050001500041100001600056245003100072246003400103260000900137350000900146120416s1966 xx |||||||||||||| || u aTS 513 Smi aSmith, W. J10aModern optical engineering athe design of optical systems c1966 a0.00